Fictional Countries Flags Quiz - Statistics

General Stats
  • This quiz has been taken 15 times
  • The average score is 6 of 16
Answer Stats
Picture Answer % Correct
Galactic Empire
93%
Oceania
79%
Kekistan
57%
New California Republic
57%
The Enclave
43%
Wakanda
43%
Holy Russian Empire
36%
Arstotzka
29%
Burgundy
29%
United Federation of Planets
21%
Ancapistan
14%
Anonymous
14%
Gilead
14%
Norsefire
14%
Wadiya
14%
Tomania
7%
No matching quizzes found
Score Distribution
Percent of People with Each Score
Percentile by Number Answered
Your Score History
You have not taken this quiz